Statistics for Countries Richer Than American Average

Click here to take the quiz!

General Stats

  • This quiz has been taken 14 times
  • The average score is 10 of 13

Answer Stats

$$$Country% Correct
$56,790Canada
86%
$15,240Argentina
79%
$12,630Brazil
79%
$20,350Chile
79%
$22,210Uruguay
79%
$13,090Costa Rica
71%
$16,170Panama
71%
$19,130Saint Kitts and Nevis
71%
$20,740Trinidad and Tobago
71%
$69,280United States
71%
$16,790Antigua and Barbuda
64%
$32,960Bahamas
64%
$20,010Barbados
64%

Score Distribution

Percentile by Number Answered

Percent of People with Each Score

Your Score History

You have not taken this quiz